000 00771nam a2200253Ia 4500
003 OSt
005 20220918223954.0
006 a|||||r|||| 00| 0
007 ta
008 220917b |||||||| |||| 00| 0 eng d
024 _a225,964
037 _cTextual
040 _aARTS
_cARTS
_beng
041 _2eng
_aeng
082 _a2:7(D65,8[8]:71), P4(2D)
100 _aMiller William Ed.
_932038
245 0 _aImproving internet reference services to distance learners
260 _aU.S.A.
_bThe Haworth information press
_c2004
300 _a219p
_ccm.
650 _aLIBRARY SCIENCE
700 _a Pellen Rita M. Ed.
_9146974
942 _h2:7(D65,8[8]:71), P4(2D)
_cTEXL
_2CC
999 _c279878
_d279878